000 00584nam a22002177a 4500
003 UA-OsUOA
001 82479
007 ta
008 20120306b un ||||| |||| 00| 0 ukr d
100 _aКузнецов В.Ю.
090 _a101
_bК89
942 _cSA
040 _aUA-OsUOA
_brus
_cUA-OsUOA
_dUA-OsUOA
245 _aПреодоление метафизики как проблема современной философии
300 _aС.28-39
955 _a0
041 _arus
080 _a101
773 0 _w82477
650 7 _a1 Філософські науки
_2UDC
999 _c368792
_d368792